000 00544nam a22002057a 4500
003 OSt
005 20140310182837.0
008 130607t xxu||||| |||| 00| 0 eng d
020 _a0553199145
050 _aRM 222.2
_b.So689 1987
082 _aM 613.25
_bSo4 1987
245 _aA thinner you
_cSolomon, Abbot Neil
260 _aNew York :
_bGolden Apple Publishers,
_cc1987.
300 _a96 p.
_bcol. : ill. ;
_c18 cm.
521 _aCollege Students
526 _c1210L-1700L
541 _j1
562 _e1
942 _2lcc
_cBK
_kM
999 _c16777
_d16777